| 000 | 00336nam a2200133Ia 4500 | ||
|---|---|---|---|
| 008 | 230917s9999||||xx |||||||||||||| ||und|| | ||
| 040 |
_e134226 _aMAIN |
||
| 041 | _aEnglish | ||
| 082 | _a658.3 C266C | ||
| 245 | 0 | _aCase studies in human resource management v. 4 | |
| 260 |
_aHyderabad _bICFAI _c2006 |
||
| 300 | _a389p p. | ||
| 942 | _cBK | ||
| 999 |
_c139779 _d139779 |
||